| 000 | 01158nam0a22002771 4500 | ||
|---|---|---|---|
| 001 | v19\rc\1905438 | ||
| 005 | 20260607030442.0 | ||
| 035 | _a(NLR Aleph) 005264632 | ||
| 090 |
_a5936553 _c5936553 |
||
| 100 | _a20080404d1911 |||y0rusy50 ca | ||
| 101 | 0 | _arus | |
| 102 | _aRU | ||
| 105 | _ay z ||||| | ||
| 200 | 1 |
_aВера Ивановна Крыжановская (Рочестер) _eОпыт характеристики _fЛ. фон-Нольде |
|
| 210 |
_aСанкт-Петербург _cтип. т-ва "Екатерингоф. печ. дело" _d1911 |
||
| 215 | _a16 с. | ||
| 532 | 1 | 3 | _aВера Ивановна Крыжановская Рочестер |
| 700 | 1 |
_8rus _7ca _aНольде _bЛ. А. фон _gЛюдмила Александровна фон _3RU\NLR\AUTH\7717617 _9704 |
|
| 702 | 1 |
_4570 _7ca _8rus _aКрыжановская _bВ. И. _f1861-1924 _gВера Ивановна _9120797 _3RU\NLR\auth\7711042 |
|
| 801 | 0 |
_aRU _bNLR _c20080404 _gpsbo |
|
| 801 | 0 |
_aRU _bRuMoRGB _c20080404 _2psbo |
|
| 801 | 1 |
_aRU _bProSoft-M _c20080404 _2rusmarc |
|
| 801 | 2 |
_aRU _bNLR _c20120127 _2rusmarc |
|
| 852 |
_aNLR _j20.105.8.322 |
||
| 942 | _cBOOK | ||
| 980 | _aNB | ||